| 000 | 00748nam a2200229 a 4500 | ||
|---|---|---|---|
| 005 | 20251105063859.0 | ||
| 008 | 040302s1998 mx r 000 0 spa d | ||
| 020 | _a8472454266 | ||
| 035 | _aUPN01000132332 | ||
| 049 | _aCG | ||
| 050 | 4 |
_aRA776.75 _bM3.3 |
|
| 100 | 1 | _aMohoney, David | |
| 245 | 1 | 0 |
_aEstrategia de la longevidad : _bcómo alcanzar la edad madura en plena forma / _cDavid Mohoney y Richard Restak ; pról. de William Safire ; tr. Alicia Sánchez Millet. |
| 260 |
_aBarcelona, [Esp.] : _bKairós, _c1998. |
||
| 300 | _a262 p. | ||
| 440 | 0 | _aAutoayuda | |
| 534 |
_pTítulo original: _tThe longevity strategy |
||
| 650 | 4 | _aLONGEVIDAD | |
| 650 | 2 |
_aMente y cuerpo _98110 |
|
| 700 | 1 |
_aRestak, Richard, _dcoaut. |
|
| 905 | _aLibro | ||
| 999 |
_c104487 _d104487 |
||